| 000 | 00596nam a22002297a 4500 | ||
|---|---|---|---|
| 003 | OSt | ||
| 005 | 20180320173017.0 | ||
| 008 | 170208b xxu||||| |||| 00| 0 eng d | ||
| 020 | _a9780716776017 | ||
| 020 | _a0716776014 | ||
| 040 | _cDDC | ||
| 082 | _a571 MOL 2007 | ||
| 100 |
_aLodish, Harvey [et...al] _911505 |
||
| 245 | _aMolecular Cell Biology | ||
| 250 | _a6th ed. | ||
| 260 | _aNew York; W.H. Freeman, 2007 | ||
| 300 | _axxxvii,1149p; col.ill: 29cm | ||
| 504 | _aGlossary, & index included | ||
| 650 |
_aCell biology _95671 |
||
| 650 |
_aMolecules _98508 |
||
| 942 |
_2ddc _cO_SHELF |
||
| 999 |
_c6063 _d6063 |
||